| 000 | 00644nam a22002177a 4500 | ||
|---|---|---|---|
| 999 |
_c1739 _d1739 |
||
| 005 | 20230125095435.0 | ||
| 008 | 230125b ||||| |||| 00| 0 eng d | ||
| 020 | _a9789620434648 | ||
| 040 | _cKH8 | ||
| 082 | _a495.1 YAM | ||
| 100 |
_aYamin, Ma _eauthor |
||
| 245 |
_a Chinese made easy: _bTextbook 7. Simplified character version/ _cYamin Ma. |
||
| 250 | _a3rd ed. | ||
| 260 |
_aHong Kong: _bJoint Publishing, _c2018. |
||
| 300 |
_a238 pages : _bcolour illustrations ; _c28 cm. |
||
| 440 | _aChinese made easy | ||
| 650 | _aChinese language | ||
| 650 | _aChinese language Study and teaching | ||
| 650 | _aTextbook | ||
| 942 |
_2ddc _cTR |
||